Lexicon of psychiatric and mental health terms

Đã lưu trong:
書目詳細資料
主要作者: WHO
格式: 圖書
語言:Undetermined
出版: Rome WHO 1994
主題:
標簽: 添加標簽
沒有標簽, 成為第一個標記此記錄!
Thư viện lưu trữ: Trung tâm Học liệu Trường Đại học Cần Thơ
LEADER 00472nam a2200181Ia 4500
001 CTU_17176
008 210402s9999 xx 000 0 und d
082 |a 616.8982 
082 |b W927L 
100 |a WHO 
245 0 |a Lexicon of psychiatric and mental health terms 
245 0 |c WHO 
260 |a Rome 
260 |b WHO 
260 |c 1994 
650 |a neurolgy 
904 |i Nguyễn Quang Điền, 960601 
980 |a Trung tâm Học liệu Trường Đại học Cần Thơ